[Event "DSOL 06 Liga Gr-B 1st"]
[Site "Playchess.com INT"]
[Date "2020.06.22"]
[Round "1.3"]
[White "Reuter, Florian"]
[Black "Bedrich, Jan Niklas"]
[Result "1-0"]
[WhiteElo "1511"]
[BlackElo "1713"]
[PlyCount "83"]
[EventDate "2020.06.22"]
[EventType "team-tourn (rapid)"]
[EventCountry "GER"]
[SourceTitle "EXT 2021"]
[Source "ChessBase"]
[SourceDate "2020.10.23"]
[SourceVersion "1"]
[SourceVersionDate "2020.10.23"]
[SourceQuality "1"]
[WhiteTeam "Koeln Muelheim"]
[BlackTeam "Dresden Striesen II"]
[WhiteTeamCountry "GER"]
[BlackTeamCountry "GER"]

1. d4 b6 2. Nc3 Bb7 3. e4 e6 4. Bf4 d6 5. Nf3 Nf6 6. Bd3 Nbd7 7. Qd2 c5 8. dxc5 Nxc5 9. 0-0 Nfxe4 10. Nxe4 Nxe4 11. Bb5+ Ke7 12. Qd3 Nc5 13. Qd2 a6 14. Be2 h6 15. b4 Ne4 16. Qd3 Nf6 17. c4 g5 18. Bg3 Be4 19. Qe3 Bg7 20. Rad1 d5 21. cxd5 Bxd5 22. Bc4 Rc8 23. Bxa6 Rc6 24. Bb5 Rc8 25. Ne5 Ne4 26. Nc6+ Rxc6 27. Bxc6 f5 28. Bxd5 exd5 29. f4 d4 30. Qd3 g4 31. Bf2 Nxf2 32. Rxf2 Qd5 33. Re2+ Kf7 34. Rde1 Rc8 35. Rc2 Rxc2 36. Qxc2 d3 37. Qd2 Qc4 38. Rd1 Kg6 39. Qxd3 Qxb4 40. Qd6+ Qxd6 41. Rxd6+ Kh5 42. Rxb6 1-0